| 000 -CABECERA |
| Longitud fija campo de control |
00984nam a2200265 a 4500 |
| 001 - NÚMERO DE CONTROL |
| Número de control |
991016712969706706 |
| 003 - IDENTIFICADOR DEL NÚMERO DE CONTROL |
| Identificador del número de control |
OSt |
| 005 - FECHA Y HORA DE LA ÚLTIMA TRANSACCIÓN |
| Fecha y hora de la última transacción |
20211130112154.0 |
| 008 - CÓDIGOS DE INFORMACIÓN DE LONGITUD FIJA |
| Códigos de información de longitud fija |
030722s1957 spca || 000 ||spa|c |
| 035 ## - NÚMERO DE CONTROL DEL SISTEMA |
| Número de control del sistema |
(ES-BaCBU)b1415545x-34csuc_network |
| 035 ## - NÚMERO DE CONTROL DEL SISTEMA |
| Número de control del sistema |
(ES-BaCBU).b1415545x |
| 035 ## - NÚMERO DE CONTROL DEL SISTEMA |
| Número de control del sistema |
(ccuc001)b1415545x |
| 035 ## - NÚMERO DE CONTROL DEL SISTEMA |
| Número de control del sistema |
(OCoLC)802864777 |
| 040 ## - FUENTE DE LA CATALOGACIÓN |
| Centro catalogador de origen |
ES-BaCBU |
| Lengua de catalogación |
cat |
| Centro transcriptor |
ES-BaCBU |
| Centro modificado |
CDMR |
| 100 1# - PUNTO DE ACCESO PRINCIPAL-NOMBRE DE PERSONA |
| Nombre de persona |
Verdaguer, Mario, |
| 245 10 - MENCIÓN DE TÍTULO |
| Título |
Medio siglo de vida íntima barcelonesa / |
| Mención de responsabilidad, etc. |
Mario Verdaguer |
| 260 ## - PUBLICACIÓN, DISTRIBUCIÓN, ETC. (PIE DE IMPRENTA) |
| Lugar de publicación, distribución, etc. |
Barcelona : |
| Nombre del editor, distribuidor, etc. |
Barna, |
| Fecha de publicación, distribución, etc. |
1957 |
| 300 ## - DESCRIPCIÓN FÍSICA |
| Extensión |
379 p., [24] p. de làm. ; |
| Dimensiones |
20 cm |
| 600 #0 - PUNTO DE ACCESO ADICIONAL DE MATERIA - NOMBRE DE PERSONA |
| 9 (RLIN) |
4744 |
| Nombre de persona |
Verdaguer, Mario |
| 651 #4 - PUNTO DE ACCESO ADICIONAL DE MATERIA - NOMBRE GEOGRÁFICO |
| Nombre geográfico |
Barcelona (Catalunya) |
| Subdivisión de materia general |
Vida intel·lectual |
| Subdivisión cronológica |
S. XX |
| 651 #4 - PUNTO DE ACCESO ADICIONAL DE MATERIA - NOMBRE GEOGRÁFICO |
| Nombre geográfico |
Barcelona (Catalunya) |
| Subdivisión de materia general |
Vida social i costums |
| Subdivisión cronológica |
S. XX |
| 907 ## - ELEMENTO G DATOS LOCALES, GDL (RLIN) |
| a |
.b1415545x |
| b |
17-06-21 |
| c |
07-05-08 |
| d |
22-07-03 |
| e |
m |
| f |
a |
| g |
- |
| h |
spa |
| i |
spc |
| j |
0 |
| k |
1 |
| 908 ## - CONTROL DE PARÁMETROS (RLIN) |
| Parametro de comando lanzado |
BAB |
| -- |
MDMB |
| -- |
BC |
| -- |
CLR |
| -- |
UAB |
| -- |
UB |
| -- |
UdG |
| -- |
UPF |
| -- |
UVic-UCC |
| -- |
BPEB |
| -- |
ICGC |
| -- |
CDMAE |
| -- |
URV |
| -- |
CBAB |
| -- |
AHCB |
| -- |
MUHBA |
| -- |
MNAC |
| -- |
BMON |
| 942 ## - ENTRADA DE ELEMENTOS AGREGADOS (KOHA) |
| Fuente de clasificaión o esquema |
|
| Koha [por defecto] tipo de item |
Monografies |